[Event "Pardubice rapid op 33rd"]
[Site "Pardubice"]
[Date "2022.07.21"]
[Round "9"]
[White "Kuznecova, Marija"]
[Black "Polak, Benedikt"]
[Result "1/2-1/2"]
[WhiteElo "1755"]
[BlackElo "2120"]
[PlyCount "87"]
[EventDate "2022.07.20"]
[EventType "swiss (rapid)"]
[EventRounds "9"]
[EventCountry "CZE"]
[SourceTitle "CBM 209 Extra"]
[Source "ChessBase"]
[SourceDate "2022.09.30"]
[SourceVersion "1"]
[SourceVersionDate "2022.09.30"]
[SourceQuality "1"]

1. e4 c5 2. Nf3 e6 3. d4 cxd4 4. Nxd4 a6 5. Nc3 Qc7 6. g3 Bb4 7. Bd2 Nc6 8. Nxc6 dxc6 9. Bg2 Nf6 10. 0-0 Be7 11. Kh1 e5 12. f4 Be6 13. f5 Bc4 14. Re1 a5 15. Qf3 h5 16. h3 Bc5 17. Be3 Nd7 18. Bxc5 Nxc5 19. b3 Ba6 20. Rad1 f6 21. Qe3 b6 22. a3 Nb7 23. Na4 b5 24. Nc5 Nxc5 25. Qxc5 Kf7 26. Rd6 Bb7 27. Red1 Rad8 28. c4 Rxd6 29. Rxd6 Rd8 30. Rxd8 Qxd8 31. cxb5 cxb5 32. Qxb5 Qc7 33. b4 axb4 34. axb4 h4 35. Qd3 hxg3 36. Qb3+ Kf8 37. Qxg3 Qc4 38. Qe1 Ke7 39. Bf3 Qd3 40. Kg2 Kd6 41. Kg3 Ke7 42. Kg2 Kd6 43. Kg3 Ke7 44. Kg2 1/2-1/2

[Event "CZE-chT2C 2122"]
[Site "Czech Republic"]
[Date "2022.02.13"]
[Round "8.5"]
[White "Polak, Benedikt"]
[Black "Vesely, Jiri2"]
[Result "1/2-1/2"]
[WhiteElo "2161"]
[BlackElo "1863"]
[PlyCount "76"]
[EventDate "2021.10.17"]
[EventType "team-tourn"]
[EventRounds "11"]
[EventCountry "CZE"]
[SourceTitle "EXT 2025"]
[Source "ChessBase"]
[SourceDate "2024.10.14"]
[SourceVersion "1"]
[SourceVersionDate "2024.10.14"]
[SourceQuality "1"]
[WhiteTeam "Kutna Hora Sparta"]
[BlackTeam "Neratovice II"]
[WhiteTeamCountry "CZE"]
[BlackTeamCountry "CZE"]

1. c4 Nf6 2. Nc3 g6 3. e4 d6 4. d4 Bg7 5. Nf3 0-0 6. Be2 c5 7. 0-0 cxd4 8. Nxd4 Qb6 9. Be3 Qc7 10. Rc1 Nc6 11. f3 Be6 12. Nd5 Qd7 13. Nb5 Rfc8 14. Qd2 b6 15. Na3 Ne5 16. Rfd1 h5 17. Bg5 Bxd5 18. cxd5 Rc5 19. Be3 Rxc1 20. Rxc1 Rc8 21. Ba6 Rxc1+ 22. Qxc1 Qa4 23. Be2 Kh7 24. Bb5 Qb4 25. Qc3 Qxc3 26. bxc3 Nfd7 27. Bc6 Nb8 28. Bb7 Ned7 29. Nb5 a6 30. Nc7 Nc5 31. Bxc5 dxc5 32. c4 Be5 33. Nxa6 Nxa6 34. Bxa6 Kg7 35. g3 g5 36. Kf2 Kf6 37. Bc8 Bd4+ 38. Ke2 Ke5 1/2-1/2

[Event "CZE-chT2C 2122"]
[Site "Czech Republic"]
[Date "2021.10.17"]
[Round "1.3"]
[White "Juptner, Jan"]
[Black "Polak, Benedikt"]
[Result "1-0"]
[WhiteElo "2265"]
[BlackElo "2161"]
[PlyCount "81"]
[EventDate "2021.10.17"]
[EventType "team-tourn"]
[EventRounds "11"]
[EventCountry "CZE"]
[SourceTitle "EXT 2025"]
[Source "ChessBase"]
[SourceDate "2024.10.14"]
[SourceVersion "1"]
[SourceVersionDate "2024.10.14"]
[SourceQuality "1"]
[WhiteTeam "Lysa nad Labem Joly III"]
[BlackTeam "Kutna Hora Sparta"]
[WhiteTeamCountry "CZE"]
[BlackTeamCountry "CZE"]

1. d4 e6 2. c4 f5 3. g3 Nf6 4. Bg2 d6 5. Nf3 g6 6. Nc3 Bg7 7. 0-0 0-0 8. Qc2 Nc6 9. d5 Nb4 10. Qb3 Na6 11. dxe6 Nc5 12. Qa3 Bxe6 13. Be3 Qe7 14. b3 c6 15. Rac1 h6 16. Rfd1 Rfe8 17. Rc2 Kh7 18. Qc1 Nce4 19. Bd4 d5 20. cxd5 Bxd5 21. Nxd5 Nxd5 22. a3 Bxd4 23. Rxd4 Rad8 24. e3 a6 25. b4 Ndf6 26. Rxd8 Rxd8 27. Nd4 Nd5 28. Qb2 h5 29. Rc1 h4 30. Re1 hxg3 31. hxg3 Ndf6 32. Bf3 Kg7 33. Kg2 Rh8 34. Rd1 Qe5 35. Rh1 Rxh1 36. Kxh1 Kf7 37. Kg2 Nd5 38. Qc1 Kf6 39. Qh1 Nxe3+ 40. Kg1 Qxd4 41. Qh8+ 1-0

[Event "Pardubice op rapid 32nd"]
[Site "Pardubice"]
[Date "2021.07.22"]
[Round "9"]
[White "Babula, Vlastimil1"]
[Black "Polak, Benedikt"]
[Result "1-0"]
[WhiteElo "2086"]
[BlackElo "2161"]
[PlyCount "91"]
[EventDate "2021.07.21"]
[EventType "swiss (rapid)"]
[EventRounds "9"]
[EventCountry "CZE"]
[SourceTitle "CBM 203 Extra"]
[Source "ChessBase"]
[SourceDate "2021.09.30"]
[SourceVersion "1"]
[SourceVersionDate "2021.09.30"]
[SourceQuality "1"]

1. e4 c5 2. Nf3 e6 3. d4 cxd4 4. Nxd4 a6 5. Nc3 Qc7 6. Be2 b5 7. 0-0 Bb7 8. f3 Nf6 9. Be3 Be7 10. Qd2 0-0 11. Kh1 d6 12. a4 b4 13. Na2 d5 14. e5 Qxe5 15. Bf4 Qh5 16. g4 Qg6 17. Bd3 Ne4 18. fxe4 dxe4 19. Qg2 Nd7 20. Be2 Nf6 21. c4 Rad8 22. Rad1 Nd7 23. Be3 Ba8 24. Nc1 Nc5 25. a5 f5 26. gxf5 exf5 27. Qxg6 hxg6 28. Ncb3 Nxb3 29. Nxb3 Rxd1 30. Rxd1 f4 31. Rd7 Bg5 32. Bd4 Bh6 33. Bg4 e3+ 34. Kg1 f3 35. Kf1 Be4 36. Bc5 e2+ 37. Ke1 Rf4 38. Be6+ Kh7 39. Bf2 Bg5 40. Rf7 Rh4 41. Nd4 Rxh2 42. Nxf3 Bxf3 43. Rxf3 Bf6 44. b3 g5 45. Rh3+ Rxh3 46. Bxh3 1-0

[Event "CZE-chT2C 1920"]
[Site "Czech Republic"]
[Date "2019.10.13"]
[Round "1.2"]
[White "Polak, Benedikt"]
[Black "Vitak, Jiri"]
[Result "1/2-1/2"]
[WhiteElo "2172"]
[BlackElo "2220"]
[PlyCount "71"]
[EventDate "2019.10.13"]
[EventType "team-tourn"]
[EventRounds "11"]
[EventCountry "CZE"]
[SourceTitle "EXT 2024"]
[Source "ChessBase"]
[SourceDate "2023.10.10"]
[SourceVersion "1"]
[SourceVersionDate "2023.10.10"]
[SourceQuality "1"]
[WhiteTeam "Kutna Hora"]
[BlackTeam "Liberec Desko"]
[WhiteTeamCountry "CZE"]
[BlackTeamCountry "CZE"]

1. d4 Nf6 2. Bg5 d5 3. e3 c5 4. Bxf6 exf6 5. Nc3 Be6 6. Nge2 Nc6 7. a3 a6 8. dxc5 Bxc5 9. Nf4 Ne7 10. Be2 Qd7 11. 0-0 Rd8 12. Bf3 0-0 13. Qe2 Bd6 14. Nxe6 fxe6 15. Rad1 Qc7 16. g3 Nc6 17. Nb1 b5 18. c3 Be5 19. Nd2 Na5 20. Bg2 f5 21. Nf3 Nc4 22. Nd4 Rfe8 23. Qc2 Kh8 24. Rfe1 g6 25. Ra1 Nb6 26. Rad1 Bf6 27. Qb3 Na4 28. h4 h6 29. Qc2 h5 30. Qc1 Kh7 31. Qc2 Nb6 32. Qb3 Na4 33. Qc2 Nb6 34. Bf3 Qc8 35. Bg2 Qc7 36. Bf3 1/2-1/2

[Event "Pardubice op rapid 30th"]
[Site "Pardubice"]
[Date "2019.07.18"]
[Round "4"]
[White "Polak, Benedikt"]
[Black "Medvedyk, Volodymyr"]
[Result "1-0"]
[WhiteElo "2170"]
[BlackElo "2197"]
[PlyCount "95"]
[EventDate "2019.07.17"]
[EventType "swiss (rapid)"]
[EventRounds "9"]
[EventCountry "CZE"]
[SourceTitle "CBM 191 Extra"]
[Source "ChessBase"]
[SourceDate "2019.09.30"]
[SourceVersion "1"]
[SourceVersionDate "2019.09.30"]
[SourceQuality "1"]

1. Nf3 Nf6 2. c4 g6 3. Nc3 Bg7 4. e4 d6 5. d4 0-0 6. Be2 Na6 7. 0-0 e5 8. d5 Nc5 9. Qc2 a5 10. Bg5 h6 11. Be3 Nfd7 12. Nd2 f5 13. f3 f4 14. Bf2 h5 15. b3 Nf6 16. a3 g5 17. b4 axb4 18. axb4 Rxa1 19. Rxa1 Na6 20. c5 Nb8 21. Nc4 g4 22. Ra8 Nbd7 23. cxd6 cxd6 24. Nb5 Ne8 25. Na7 g3 26. hxg3 fxg3 27. Bxg3 b5 28. Rxc8 Qg5 29. Bf2 bxc4 30. Rxc4 h4 31. Qc1 Qh5 32. Nc6 h3 33. Ne7+ Kf7 34. g4 h2+ 35. Kh1 Qh7 36. Nf5 Bf6 37. Qh6 Qxh6 38. Nxh6+ Kg6 39. Nf5 Rh8 40. b5 Ng7 41. Rc7 Nc5 42. Nxd6 Na4 43. Nc4 Nc3 44. Bf1 Nxb5 45. Rc6 Na7 46. Bxa7 Kf7 47. Bf2 Ne8 48. Bg3 1-0

[Event "Pardubice op rapid 30th"]
[Site "Pardubice"]
[Date "2019.07.17"]
[Round "3"]
[White "Jires, Jiri"]
[Black "Polak, Benedikt"]
[Result "0-1"]
[WhiteElo "2096"]
[BlackElo "2170"]
[PlyCount "76"]
[EventDate "2019.07.17"]
[EventType "swiss (rapid)"]
[EventRounds "9"]
[EventCountry "CZE"]
[SourceTitle "CBM 191 Extra"]
[Source "ChessBase"]
[SourceDate "2019.09.30"]
[SourceVersion "1"]
[SourceVersionDate "2019.09.30"]
[SourceQuality "1"]

1. e4 c5 2. Nf3 e6 3. d4 cxd4 4. Nxd4 a6 5. Be2 b5 6. 0-0 Bb7 7. Bf3 d6 8. e5 d5 9. a4 b4 10. c3 Nd7 11. Re1 Bc5 12. Nb3 bxc3 13. Nxc3 Ba7 14. Be3 Bxe3 15. Rxe3 Ne7 16. Nd4 Ng6 17. Qe1 0-0 18. Bh5 Nf4 19. Be2 Qg5 20. Bf1 Ng6 21. Nf3 Qe7 22. Bd3 Qb4 23. Bxg6 hxg6 24. Ne2 Qxe1+ 25. Rxe1 Nc5 26. a5 Rfc8 27. Rc3 Ne4 28. Rxc8+ Bxc8 29. Rc1 Bd7 30. Nfd4 Rb8 31. f3 Nd2 32. Rc7 Bb5 33. Nc3 Bc4 34. Kf2 Rxb2 35. Kg3 Nf1+ 36. Kh3 Ne3 37. g3 g5 38. f4 Bf1# 0-1

[Event "CZE-chT1W 1819"]
[Site "Czech Republic"]
[Date "2019.03.24"]
[Round "10.5"]
[White "Polak, Benedikt"]
[Black "Kulhanek, Tomas"]
[Result "0-1"]
[WhiteElo "2170"]
[BlackElo "2302"]
[PlyCount "72"]
[EventDate "2018.10.21"]
[EventType "team-tourn"]
[EventRounds "11"]
[EventCountry "CZE"]
[SourceTitle "CBM 189 Extra"]
[Source "ChessBase"]
[SourceDate "2019.05.31"]
[SourceVersion "1"]
[SourceVersionDate "2019.05.31"]
[SourceQuality "1"]
[WhiteTeam "Hradec Kralove"]
[BlackTeam "Praha DP Tarok"]
[WhiteTeamCountry "CZE"]
[BlackTeamCountry "CZE"]

1. Nf3 Nf6 2. c4 e6 3. Nc3 Bb4 4. Qc2 0-0 5. a3 Bxc3 6. Qxc3 d6 7. d4 Nbd7 8. b4 b6 9. g3 a5 10. Bb2 c5 11. Bg2 Bb7 12. 0-0 Qc7 13. Rfd1 cxb4 14. axb4 Rfc8 15. Rac1 d5 16. c5 Ne4 17. Qb3 axb4 18. Qxb4 Ba6 19. cxb6 Qxb6 20. Qxb6 Nxb6 21. e3 Na4 22. Rxc8+ Rxc8 23. Ra1 Nxb2 24. Rxa6 g5 25. Ra1 Nd3 26. Bf1 Ndxf2 27. Nxg5 Ng4 28. Nxe4 dxe4 29. Bg2 f5 30. h3 Nxe3 31. g4 Rc2 32. Bh1 Kg7 33. Ra7+ Kg6 34. Ra6 Kg5 35. Rxe6 Kf4 36. gxf5 Kg3 0-1

[Event "CZE-chT2D 1819"]
[Site "Czech Republic"]
[Date "2019.01.13"]
[Round "6.1"]
[White "Polak, Benedikt"]
[Black "Dittrich, Pavel"]
[Result "1/2-1/2"]
[WhiteElo "2170"]
[BlackElo "2242"]
[PlyCount "64"]
[EventDate "2018.10.14"]
[EventType "team-tourn"]
[EventRounds "11"]
[EventCountry "CZE"]
[SourceTitle "EXT 2022"]
[Source "ChessBase"]
[SourceDate "2021.10.06"]
[SourceVersion "1"]
[SourceVersionDate "2021.10.06"]
[SourceQuality "1"]
[WhiteTeam "Kutna Hora"]
[BlackTeam "Namest nad Oslavou"]
[WhiteTeamCountry "CZE"]
[BlackTeamCountry "CZE"]

1. c4 e6 2. Nc3 d5 3. e3 Nf6 4. Nf3 Be7 5. b3 0-0 6. Bb2 c5 7. cxd5 exd5 8. d4 b6 9. Ne5 Bb7 10. Bd3 Nc6 11. 0-0 Re8 12. Qf3 Bd6 13. Nxc6 Bxc6 14. dxc5 bxc5 15. Bb5 Bxb5 16. Nxb5 Be5 17. Bxe5 Rxe5 18. Rac1 Ne4 19. Nc3 Qe7 20. Nxe4 Rxe4 21. Rfd1 d4 22. exd4 cxd4 23. g3 Rd8 24. Rc7 Re1+ 25. Rxe1 Qxc7 26. Qe4 g6 27. Rd1 Qc5 28. h4 h5 29. Kg2 Qd6 30. Rd3 Qc5 31. Rd2 Qd6 32. Rd3 Qc5 1/2-1/2

[Event "CZE-chT1W 1819"]
[Site "Czech Republic"]
[Date "2018.11.25"]
[Round "3.7"]
[White "Polak, Benedikt"]
[Black "Kucera, Petr3"]
[Result "1/2-1/2"]
[WhiteElo "2170"]
[BlackElo "2260"]
[PlyCount "62"]
[EventDate "2018.10.21"]
[EventType "team-tourn"]
[EventRounds "11"]
[EventCountry "CZE"]
[SourceTitle "CBM 187 Extra"]
[Source "ChessBase"]
[SourceDate "2018.11.04"]
[SourceVersion "1"]
[SourceVersionDate "2018.11.04"]
[SourceQuality "1"]
[WhiteTeam "Hradec Kralove"]
[BlackTeam "Turnov Zikuda II"]
[WhiteTeamCountry "CZE"]
[BlackTeamCountry "CZE"]

1. c4 e6 2. Nc3 d5 3. e3 Nf6 4. Nf3 c5 5. cxd5 exd5 6. d4 Nc6 7. Bb5 a6 8. Bxc6+ bxc6 9. 0-0 Bd6 10. dxc5 Bxc5 11. b3 0-0 12. Bb2 Bg4 13. Rc1 Bd6 14. Ne2 Rc8 15. Ne5 Bxe5 16. Bxe5 Qe7 17. Bxf6 Qxf6 18. f3 Bf5 19. Qd4 Qe7 20. Nc3 Rfe8 21. Rfe1 Qa3 22. Na4 Qxa2 23. Nc5 Qa5 24. Ra1 Qb5 25. Rxa6 Rb8 26. Raa1 h6 27. Kf2 Bc2 28. Rec1 Bf5 29. Re1 Bc2 30. Rec1 Bf5 31. Re1 Bc2 1/2-1/2

[Event "Pardubice Czech op-A 29th"]
[Site "Pardubice"]
[Date "2018.07.28"]
[Round "9"]
[White "Polak, Benedikt"]
[Black "Kutynec, Vladimir"]
[Result "1-0"]
[WhiteElo "2126"]
[BlackElo "2273"]
[PlyCount "63"]
[EventDate "2018.07.20"]
[EventType "swiss"]
[EventRounds "9"]
[EventCountry "CZE"]
[SourceTitle "CBM 185 Extra"]
[Source "ChessBase"]
[SourceDate "2018.07.29"]
[SourceVersion "1"]
[SourceVersionDate "2018.07.29"]
[SourceQuality "1"]

1. e4 c5 2. Nf3 Nc6 3. d4 cxd4 4. Nxd4 g6 5. c4 Nf6 6. Nc3 Nxd4 7. Qxd4 d6 8. f3 Bg7 9. Be3 0-0 10. Qd2 Be6 11. Rc1 Qa5 12. Be2 Rfc8 13. b3 h5 14. 0-0 a6 15. f4 Bg4 16. Bd3 Bd7 17. h3 b5 18. f5 bxc4 19. Bxc4 Bb5 20. Qd3 Bxc4 21. bxc4 Rab8 22. e5 dxe5 23. fxg6 fxg6 24. Qxg6 Rxc4 25. Bh6 Ne8 26. Qf7+ Kh7 27. Bxg7 Qc5+ 28. Kh2 Nxg7 29. Ne4 Rxc1 30. Ng5+ Kh8 31. Qf8+ Rxf8 32. Rxf8# 1-0

[Event "Pardubice Czech op-A 29th"]
[Site "Pardubice"]
[Date "2018.07.27"]
[Round "8"]
[White "Bracker, Arne"]
[Black "Polak, Benedikt"]
[Result "0-1"]
[WhiteElo "2224"]
[BlackElo "2126"]
[PlyCount "58"]
[EventDate "2018.07.20"]
[EventType "swiss"]
[EventRounds "9"]
[EventCountry "CZE"]
[SourceTitle "CBM 185 Extra"]
[Source "ChessBase"]
[SourceDate "2018.07.29"]
[SourceVersion "1"]
[SourceVersionDate "2018.07.29"]
[SourceQuality "1"]

1. e4 c5 2. Nf3 e6 3. d4 cxd4 4. Nxd4 a6 5. c4 Nf6 6. Nc3 Qc7 7. Be2 b6 8. 0-0 Bb7 9. Qd3 d6 10. f4 Nbd7 11. b4 Be7 12. Bb2 0-0 13. Rac1 Rac8 14. Nd5 exd5 15. cxd5 Qd8 16. Rxc8 Qxc8 17. Rc1 Qa8 18. Nf5 Re8 19. Qg3 g6 20. Rc7 Bf8 21. Qh4 Qb8 22. Rxd7 Nxd7 23. Nh6+ Bxh6 24. Qxh6 f6 25. Bg4 Nf8 26. Bxf6 Qc7 27. Bf3 Bxd5 28. exd5 Qc1+ 29. Bd1 Qe3+ 0-1

[Event "Pardubice Czech op-A 29th"]
[Site "Pardubice"]
[Date "2018.07.24"]
[Round "5"]
[White "Polak, Benedikt"]
[Black "Slovak, Kilian"]
[Result "0-1"]
[WhiteElo "2126"]
[BlackElo "2285"]
[PlyCount "74"]
[EventDate "2018.07.20"]
[EventType "swiss"]
[EventRounds "9"]
[EventCountry "CZE"]
[SourceTitle "CBM 185 Extra"]
[Source "ChessBase"]
[SourceDate "2018.07.29"]
[SourceVersion "1"]
[SourceVersionDate "2018.07.29"]
[SourceQuality "1"]

1. Nf3 Nf6 2. c4 g6 3. Nc3 Bg7 4. e4 d6 5. d4 0-0 6. Be2 e5 7. d5 a5 8. Bg5 h6 9. Bh4 Na6 10. 0-0 Qe8 11. Nd2 Nh7 12. a3 Bd7 13. b3 h5 14. f3 Bh6 15. Rb1 Be3+ 16. Kh1 Bc5 17. Qc1 f5 18. exf5 gxf5 19. f4 exf4 20. Rxf4 Be3 21. Rf1 f4 22. Qc2 Nc5 23. Nde4 Bf5 24. Bf3 a4 25. b4 Nb3 26. Rxb3 axb3 27. Qxb3 Qg6 28. c5 Rfe8 29. Qc4 Rxa3 30. Rd1 Raa8 31. cxd6 cxd6 32. Nxd6 Qxd6 33. Nb5 Qe5 34. Nc7 Rec8 35. d6+ Kh8 36. d7 Bxd7 37. Rxd7 Rxc7 0-1

[Event "Pardubice Czech op-A 29th"]
[Site "Pardubice"]
[Date "2018.07.22"]
[Round "3"]
[White "Polak, Benedikt"]
[Black "Barp, Alberto"]
[Result "1/2-1/2"]
[WhiteElo "2126"]
[BlackElo "2317"]
[PlyCount "113"]
[EventDate "2018.07.20"]
[EventType "swiss"]
[EventRounds "9"]
[EventCountry "CZE"]
[SourceTitle "CBM 185 Extra"]
[Source "ChessBase"]
[SourceDate "2018.07.29"]
[SourceVersion "1"]
[SourceVersionDate "2018.07.29"]
[SourceQuality "1"]

1. Nf3 d5 2. e3 Nf6 3. c4 e6 4. Nc3 Bd6 5. b3 b6 6. Bb2 Bb7 7. cxd5 exd5 8. Rc1 a6 9. d4 Nbd7 10. g3 0-0 11. Bg2 Re8 12. 0-0 Qe7 13. Ne2 Ne4 14. Nf4 a5 15. Qc2 a4 16. Ne5 axb3 17. axb3 Ra2 18. Nxd7 Qxd7 19. Ra1 Rxa1 20. Rxa1 Nf6 21. Ra7 Qc6 22. Qxc6 Bxc6 23. Ba3 Bxa3 24. Rxa3 Ra8 25. Rxa8+ Bxa8 26. b4 Bc6 27. h4 Kf8 28. Kf1 Ke7 29. Ke1 Kd6 30. f3 h6 31. g4 g5 32. hxg5 hxg5 33. Nd3 Nd7 34. Kd2 Bb5 35. Bf1 Nb8 36. Be2 Na6 37. Kc3 c5 38. bxc5+ bxc5 39. dxc5+ Nxc5 40. Kd2 Bxd3 41. Bxd3 Ke5 42. Bf5 d4 43. exd4+ Kxd4 44. Ke2 Na4 45. Kf2 Nc3 46. Bc8 Nd5 47. Bb7 Nf4 48. Ba8 Kd3 49. Bb7 Kd2 50. Bc6 Nd3+ 51. Kg3 Ke3 52. Bb7 Nf4 53. Ba6 f6 54. Bb7 Ke2 55. Ba6+ Ke1 56. Bb5 Ne2+ 57. Kg2 1/2-1/2

[Event "CZE-chT2B 1718"]
[Site "Czech Republic"]
[Date "2018.02.11"]
[Round "8.8"]
[White "Bayer, Radek"]
[Black "Polak, Benedikt"]
[Result "1/2-1/2"]
[WhiteElo "2027"]
[BlackElo "2138"]
[PlyCount "58"]
[EventDate "2017.10.15"]
[EventType "team-tourn"]
[EventRounds "11"]
[EventCountry "CZE"]
[SourceTitle "EXT 2022"]
[Source "ChessBase"]
[SourceDate "2021.10.06"]
[SourceVersion "1"]
[SourceVersionDate "2021.10.06"]
[SourceQuality "1"]
[WhiteTeam "Teplice"]
[BlackTeam "Liberec Slavia"]
[WhiteTeamCountry "CZE"]
[BlackTeamCountry "CZE"]

1. e4 c5 2. c3 d5 3. exd5 Qxd5 4. d4 Nc6 5. Nf3 Bg4 6. Be2 cxd4 7. cxd4 e6 8. Nc3 Qa5 9. 0-0 Nf6 10. h3 Bh5 11. Be3 Bd6 12. Qb3 Qb4 13. Qxb4 Nxb4 14. Nb5 Bb8 15. Rfc1 0-0 16. Nc7 Bxc7 17. Rxc7 Rab8 18. a3 Nc6 19. g4 Bg6 20. Ne5 Be4 21. f3 Bd5 22. Kf2 Rfd8 23. Bg5 Rdc8 24. Rxc8+ Rxc8 25. Rc1 Rd8 26. Ke3 h6 27. Bxf6 gxf6 28. Nxc6 Bxc6 29. b4 a6 1/2-1/2

[Event "CZE-chT2C 1718"]
[Site "Czech Republic"]
[Date "2018.02.11"]
[Round "8.5"]
[White "Mladek, Richard"]
[Black "Polak, Benedikt"]
[Result "1/2-1/2"]
[WhiteElo "2143"]
[BlackElo "2135"]
[PlyCount "136"]
[EventDate "2017.10.15"]
[EventType "team-tourn"]
[EventRounds "11"]
[EventCountry "CZE"]
[SourceTitle "EXT 2022"]
[Source "ChessBase"]
[SourceDate "2021.10.06"]
[SourceVersion "1"]
[SourceVersionDate "2021.10.06"]
[SourceQuality "1"]
[WhiteTeam "Vlasim"]
[BlackTeam "Kutna Hora"]
[WhiteTeamCountry "CZE"]
[BlackTeamCountry "CZE"]

1. e4 c5 2. Nf3 e6 3. d4 cxd4 4. Nxd4 a6 5. Nc3 Qc7 6. Bd3 Nf6 7. 0-0 Bc5 8. Nb3 Be7 9. Qe2 d6 10. f4 Nc6 11. Bd2 b5 12. Rae1 Bb7 13. Kh1 g6 14. a3 0-0 15. f5 Rfe8 16. fxe6 fxe6 17. Rf2 Nd7 18. Qg4 Bf8 19. h4 Nde5 20. Qh3 h5 21. Rf6 Qd7 22. Qg3 Bg7 23. Rxg6 Nxg6 24. Qxg6 Qf7 25. Qg5 Ne5 26. Na5 Bc8 27. Be2 Rf8 28. Bxh5 Qf6 29. Qg3 Qf2 30. Qxf2 Rxf2 31. Rd1 Bd7 32. Kg1 Raf8 33. Be2 Ng6 34. Be3 Bxc3 35. Bxf2 Bxa5 36. Rxd6 Bc8 37. c4 Nf4 38. Bf1 bxc4 39. Bxc4 Rd8 40. Bc5 Rxd6 41. Bxd6 Nh5 42. Kf2 Kf7 43. g4 Nf6 44. Kf3 Bb7 45. Bd3 Be1 46. g5 Ne8 47. Bg3 Bxg3 48. Kxg3 e5 49. h5 Nd6 50. Kg4 Kg7 51. b4 Bc8+ 52. Kg3 Bb7 53. Kf3 Nf7 54. Kg4 Bc8+ 55. Kh4 Nd6 56. a4 Bb7 57. Kg4 Bc8+ 58. Kg3 Bb7 59. Kf3 Nf7 60. Kg4 Nd6 61. Bc2 Bc8+ 62. Kg3 Bb7 63. Kf3 Nf7 64. Kg4 Nd6 65. Bd3 Bc8+ 66. Kg3 Bb7 67. Kf3 Nf7 68. Kg4 Nd6 1/2-1/2

[Event "CZE-chT2C 1718"]
[Site "Czech Republic"]
[Date "2018.01.28"]
[Round "7.1"]
[White "Polak, Benedikt"]
[Black "Balacek, Tadeas"]
[Result "1/2-1/2"]
[WhiteElo "2135"]
[BlackElo "2299"]
[PlyCount "25"]
[EventDate "2017.10.15"]
[EventType "team-tourn"]
[EventRounds "11"]
[EventCountry "CZE"]
[SourceTitle "EXT 2022"]
[Source "ChessBase"]
[SourceDate "2021.10.06"]
[SourceVersion "1"]
[SourceVersionDate "2021.10.06"]
[SourceQuality "1"]
[WhiteTeam "Kutna Hora"]
[BlackTeam "Ricany"]
[WhiteTeamCountry "CZE"]
[BlackTeamCountry "CZE"]

1. c4 c6 2. Nf3 d5 3. e3 Nf6 4. Nc3 g6 5. d4 Bg7 6. h3 0-0 7. Be2 dxc4 8. Bxc4 Nd5 9. 0-0 Nxc3 10. bxc3 c5 11. Ba3 Nd7 12. Qb3 Qb6 13. Rab1 1/2-1/2

[Event "CZE-chT2C 1718"]
[Site "Czech Republic"]
[Date "2017.12.17"]
[Round "5.6"]
[White "Seidl, Pavel"]
[Black "Polak, Benedikt"]
[Result "0-1"]
[WhiteElo "1906"]
[BlackElo "2135"]
[PlyCount "80"]
[EventDate "2017.10.15"]
[EventType "team-tourn"]
[EventRounds "11"]
[EventCountry "CZE"]
[SourceTitle "EXT 2022"]
[Source "ChessBase"]
[SourceDate "2021.10.06"]
[SourceVersion "1"]
[SourceVersionDate "2021.10.06"]
[SourceQuality "1"]
[WhiteTeam "Jihlava Gambit"]
[BlackTeam "Kutna Hora"]
[WhiteTeamCountry "CZE"]
[BlackTeamCountry "CZE"]

1. e4 c5 2. Nc3 e6 3. Bc4 Nc6 4. Nf3 a6 5. a4 Nf6 6. e5 Ng4 7. 0-0 Ngxe5 8. Nxe5 Nxe5 9. Be2 Nc6 10. d3 d5 11. f4 Be7 12. Bg4 g6 13. Ne2 Bf6 14. c3 0-0 15. Qe1 b6 16. Qg3 Bg7 17. h4 h5 18. Bxh5 gxh5 19. f5 exf5 20. Nf4 Ne5 21. Nxh5 Ng4 22. Nxg7 Kxg7 23. Bg5 f6 24. Bd2 Re8 25. Rae1 Ra7 26. h5 Kh7 27. Qf3 Rae7 28. Rd1 Re2 29. Bf4 Qd7 30. d4 c4 31. Rd2 Rxd2 32. Bxd2 Re4 33. Qg3 Re2 34. Bc1 Re7 35. Qf3 Qd6 36. Bf4 Qe6 37. h6 Bd7 38. Qh3 Bxa4 39. Bc1 Bc2 40. Qg3 Bd3 0-1

[Event "CZE-chT2C 1718"]
[Site "Czech Republic"]
[Date "2017.11.19"]
[Round "3.4"]
[White "Petr, Jan"]
[Black "Polak, Benedikt"]
[Result "1/2-1/2"]
[WhiteElo "2113"]
[BlackElo "2135"]
[PlyCount "38"]
[EventDate "2017.10.15"]
[EventType "team-tourn"]
[EventRounds "11"]
[EventCountry "CZE"]
[SourceTitle "EXT 2022"]
[Source "ChessBase"]
[SourceDate "2021.10.06"]
[SourceVersion "1"]
[SourceVersionDate "2021.10.06"]
[SourceQuality "1"]
[WhiteTeam "Pankrac II"]
[BlackTeam "Kutna Hora"]
[WhiteTeamCountry "CZE"]
[BlackTeamCountry "CZE"]

1. e4 c5 2. Nf3 e6 3. d4 cxd4 4. Nxd4 a6 5. g3 d5 6. Bg2 dxe4 7. Bxe4 Nf6 8. Bg2 Bc5 9. Be3 Qb6 10. 0-0 e5 11. Nf3 Bxe3 12. fxe3 0-0 13. Qc1 Nc6 14. Nc3 Be6 15. b3 Rac8 16. Ng5 Nb4 17. Na4 Qa7 18. Nxe6 fxe6 19. c4 Nd3 1/2-1/2

[Event "CZE-chT2C 1718"]
[Site "Czech Republic"]
[Date "2017.11.05"]
[Round "2.4"]
[White "Polak, Benedikt"]
[Black "Spal, Milan"]
[Result "0-1"]
[WhiteElo "2135"]
[BlackElo "2152"]
[PlyCount "64"]
[EventDate "2017.10.15"]
[EventType "team-tourn"]
[EventRounds "11"]
[EventCountry "CZE"]
[SourceTitle "EXT 2022"]
[Source "ChessBase"]
[SourceDate "2021.10.06"]
[SourceVersion "1"]
[SourceVersionDate "2021.10.06"]
[SourceQuality "1"]
[WhiteTeam "Kutna Hora"]
[BlackTeam "Pisek"]
[WhiteTeamCountry "CZE"]
[BlackTeamCountry "CZE"]

1. d4 e6 2. c4 b6 3. Nf3 Bb7 4. g3 Bb4+ 5. Nbd2 Bxf3 6. exf3 Nf6 7. Bg2 0-0 8. 0-0 d5 9. f4 c6 10. Qc2 Be7 11. f5 exf5 12. cxd5 cxd5 13. Qxf5 Nc6 14. Nf3 Ne4 15. Rd1 g6 16. Qf4 Bd6 17. Qh6 f6 18. Bf4 Re8 19. Bxd6 Nxd6 20. Rac1 Ne7 21. Qf4 Kg7 22. Re1 Rc8 23. g4 Rxc1 24. Rxc1 g5 25. Nxg5 Ng6 26. Qd2 fxg5 27. Bxd5 Ne4 28. Bxe4 Rxe4 29. d5 Nf4 30. Rd1 Qd6 31. Qc3+ Qe5 32. Qc8 Re1+ 0-1